000 00354 a2200157 4500
001 181636
020 _a
040 _cMagnum
100 _aNaufer
240 1 0 _aO coelhinho cacador/brasil-america
_lpor
245 1 0 _aO coelhinho cacador/brasil-america
362 0 _a1899
440 1 _aBrasil-América
697 _aMAGNITO: I/ANIMAIS
942 _cBK
999 _c181636
_d181636